Normal view
MARC view
- University College London Bartlett School of Planning
Entry Corporate Name
001 - CONTROL NUMBER
- control field: 4662
003 - CONTROL NUMBER IDENTIFIER
- control field: OSt
005 - DATE AND TIME OF LATEST TRANSACTION
- control field: 20190806150235.0
008 - FIXED-LENGTH DATA ELEMENTS
- fixed length control field: 050106n| aaannaabn |n ana d
040 ## - CATALOGING SOURCE
- Original cataloging agency: OSt
- Transcribing agency: OSt
110 ## - HEADING--CORPORATE NAME
- Corporate name or jurisdiction name as entry element: University College London Bartlett School of Planning
410 ## - SEE FROM TRACING--CORPORATE NAME
- Corporate name or jurisdiction name as entry element: Bartlett School of Planning University College London
670 ## - SOURCE DATA FOUND
- Source citation: The funding and development of the built environment, 2004